The house of Yamazaki : The life of a daughter of Japan
Gorde:
| Egile nagusia: | |
|---|---|
| Formatua: | Liburua |
| Hizkuntza: | Undetermined |
| Argitaratua: |
New York
Kodansha International
1991
|
| Gaiak: | |
| Etiketak: |
Etiketa erantsi
Etiketarik gabe, Izan zaitez lehena erregistro honi etiketa jartzen!
|
| Thư viện lưu trữ: | Trung tâm Học liệu Trường Đại học Cần Thơ |
|---|
| LEADER | 00627nam a2200217Ia 4500 | ||
|---|---|---|---|
| 001 | CTU_111238 | ||
| 008 | 210402s9999 xx 000 0 und d | ||
| 082 | |a 646.72092 | ||
| 082 | |b C134 | ||
| 100 | |a Caillet, Laurence | ||
| 245 | 4 | |a The house of Yamazaki : | |
| 245 | 4 | |b The life of a daughter of Japan | |
| 245 | 0 | |c Laurence Caillet ; translated from the French by Megan Backus | |
| 260 | |a New York | ||
| 260 | |b Kodansha International | ||
| 260 | |c 1991 | ||
| 650 | |a Beauty operators | ||
| 650 | |x Biography | ||
| 650 | |z Japan,Tokyo | ||
| 904 | |i M.Loan | ||
| 980 | |a Trung tâm Học liệu Trường Đại học Cần Thơ | ||